000 00595nam a2200181 i 4500
001 146954
003 ES-MaACL
005 20230906201739.0
007 t|
008 070919s1973 sp ||||1| spa d
100 1 _aTrubetzkoy, N. S.
_9111535
245 1 0 _aPrincipios de Fonología /
_cN.S. Trubetzkoy ; [traducción de Delia García Giordano con la colaboración de Luis J. Prieto].
260 _aMadrid :
_bCincel,
_c[1973]
300 _aXXVII, 271 p. ;
_c23 cm.
700 1 _aGarcía Giordano, Delia.
_954685
700 1 _aPrieto, Luis J.
_993898
852 _aES-MaACL
_jC-55202
_bR.87957
999 _c146954
_d146954